000 00486nam a2200181Ia 4500
001 24904
005 20260414151114.0
008 260414t2010||||xx |||||||||||||| ||spa||
041 _aESP
082 _a346C4
_bG312 T. 1 2010
110 _aGaceta Jurídica
245 0 _aCódigo civil comentado :
_btítulo preliminar; derecho de las personas; acto jurídico
260 _c2010
300 _a750 páginas :
_c24 cm.
650 _aDER
654 _aCDE
942 _cLIB
_dJUS
_fJUS
_2ddc
_n
999 _c24904
_d24904